Совершенствование финансового менеджмента рисковых видов страхования

Dettagli Bibliografici
Autore principale: Жеребко А. Е. Андрей Евгеньевич
Lingua:russo
Pubblicazione: Москва, Анкил, 2003
Soggetti:
Natura: MixedMaterials Libro
KOHA link:https://koha.lib.tpu.ru/cgi-bin/koha/opac-detail.pl?biblionumber=54803

MARC

LEADER 00000nam0a2200000 4500
001 54803
005 20231101211517.0
010 |a 5864762075 
035 |a (RuTPU)RU\TPU\book\57480 
090 |a 54803 
100 |a 20030828d2003 m y0rusy50 ca 
101 0 |a rus 
102 |a RU 
105 |a y z 001zy 
200 1 |a Совершенствование финансового менеджмента рисковых видов страхования  |f А. Е. Жеребко 
210 |a Москва  |c Анкил  |d 2003 
215 |a 128 с. 
320 |a Библиогр.: с. 124-127. 
606 1 |a Страхование  |2 stltpush  |3 (RuTPU)RU\TPU\subj\69372  |9 84248 
610 1 |a экономика 
610 1 |a страховая деятельность 
610 1 |a риски 
610 1 |a финансовые риски 
610 1 |a финансовый менеджмент 
610 1 |a компании страховые 
686 |a У9(2)271  |v LBC/SL-A  |2 rubbk 
700 1 |a Жеребко  |b А. Е.  |g Андрей Евгеньевич 
801 1 |a RU  |b 63413507  |c 20030828  |g PSBO 
801 2 |a RU  |b 63413507  |c 20170320  |g PSBO 
942 |c BK